|
|
|
|
| LEADER |
00000nam0a2200000 4500 |
| 001 |
129311 |
| 005 |
20260113133536.0 |
| 010 |
|
|
|a 5253004408
|
| 035 |
|
|
|a (RuTPU)RU\TPU\book\139955
|
| 090 |
|
|
|a 129311
|
| 100 |
|
|
|a 20080123d1993 m y0rusy5003 ca
|
| 101 |
1 |
|
|a rus
|c fre
|
| 102 |
|
|
|a RU
|
| 105 |
|
|
|a y z 000ay
|
| 200 |
1 |
|
|a Леоне Леони; Ускок; Жак;Орко
|e Романы; Повесть : Пер. с фр.
|f Ж. Санд
|
| 210 |
|
|
|a Москва
|c Пресса
|d 1993
|
| 215 |
|
|
|a 608 с.
|d 21 см
|
| 606 |
|
|
|a Французская литература
|x Произведения
|9 81252
|
| 610 |
1 |
|
|a художественная литература
|
| 610 |
1 |
|
|a женские романы
|
| 675 |
|
|
|a 84
|v 3
|
| 700 |
|
1 |
|a Санд
|b Ж.
|c французская писательница
|c настоящее имя и фамилия Аврора Дюпен
|f 1804-1876
|g Жорж
|3 (RuTPU)RU\TPU\pers\9277
|9 1832
|
| 801 |
|
0 |
|a RU
|b RuMRKP
|c 19950413
|g psbo
|
| 801 |
|
1 |
|a RU
|b 63413507
|c 20080123
|g PSBO
|
| 801 |
|
2 |
|a RU
|b 63413507
|c 20080228
|g PSBO
|
| 942 |
|
|
|c BK
|